000 00621nam a22001937a 4500
005 20241011161850.0
010 _aENG-142103
020 _c255.00
_a9789386537713
035 _aEN-125635
037 _bDBAD/PUB
082 _a305.4
100 _aVasanthi , R
_972753
245 _aDalit Women In Politics/
_cR . Vasanthi
250 _aFirst
260 _aMadurai
_bShanlax Publications
_c2017
270 _a61,66 T.P.K. Main road Vasantha Nagar Madurai
_bMadurai
_e625003
_k0452-4208765
_k7639303383
_mpublisher@shanlaxpublications.com
300 _a214 p.
_c21cm(pb)
942 _2ddc
_cEN
_h305.4
_mVAS
999 _c206304
_d206304